Générique Linus et Boom - Paroles - Statistiques

Statistiques générales
  • Ce quiz a été pris 81 fois
  • Le résultat moyen est 8 sur 11
Statistiques - réponses
Paroles % Correct
Et si je te dis d'où il {vient}
100%
J'en connais qui feraient pas les {malins}
96%
Il porte le nom d'une {explosion}
95%
Mon pote {alien}
85%
Drôle de {dégaine}
75%
Quand on est balèze mon pote {alien}
69%
S'il serre ta main, il te la {brise}
64%
Heureusement on le {maîtrise}
61%
Moi Linus, je planque mon {ami}
51%
Pas facile sur Terre d'être à l'{aise}
48%
Avec Iris, Monroe et {Taki}
36%
Aucun quiz correspondant
Distribution des résultats
% des personnes avec chaque résultat
Percentile par nombre de réponses
Votre historique - résultats
Vous n’avez pas pris ce quiz